000
00332nam a2200145Ia 4500
005
20251222144824.0
008
251222s9999||||xx |||||||||||||| ||spa||
020
_a
9780230440081
082
_a
428.076/N82/2017
100
_a
Norris, Roy
245
0
_a
Ready for First:
250
_a
3ra. Ed.
264
_b
Macmillan
942
_c
LIB
999
_c
20613
_d
20613